000 00876nam a2200301Ia 4500
001 33145
003 IT-RoPAU
008 130308s9999 xx 000 0 und d
040 _aIT-RoPAU
040 _cIT-RoPAU
041 _aITALIANO
100 _aRicoeur Paul
100 _gCodice Aut. SPICS: 2052
245 _aEsistenza e ermeneutica
245 _bErmeneutica Contemporanea (L')
250 _a1a ed.
260 _aBOLOGNA
260 _bIl Mulino
260 _c1986 [1° Ed.:1986 - Ed.Ling.Originale:1980]
300 _a"21 p. (prefazione: no ; testo: 21 [pagine: 291-311])"
500 _aOrigine dell'Ermeneutica Innesto dell'Ermeneutica Sulla fenomenologia piano semantico piano della Riflessione tappa Esistenziale
650 _aEPISTEMOLOGIA
650 _eCodice materia Spics: 3051
942 _cBK
957 _71
999 _c38715
_d38715
999 _bSI
999 _g1